000 00651nam a2200181 4500
003 AR-RoIUNI
005 20250821135216.0
008 250821b |||||||| |||| 00| 0 spa d
040 _cAR-RoIUNI
080 _a159.9
100 _aHasrun, María Virginia
245 _aEl perdon y sus limites en situaciones de violencia politica :
_bun estudio psicoanalítico de autobiografia Los Rendidos. Sobre el don de perdonar de José C. Aguero desde una perspectiva etica
_cHasrun, María Virginia
260 _aROSARIO
_bIUNIR
_c2025
650 _aPsicologia
_9108
650 _aViolencia politica
700 _aHasrun, María Virginia
942 _2cdu
_cTIFO
999 _c6209
_d6209